Big Data Analytics and Electronic Resource Usage in Academic Libraries: A Case Study of a Private University in Kenya
Aplikácia analýzy Big dát ako nástroja pre hodnotenie využívania elektronických prostriedkov v prostredí akademickej knižnice v Keni. Použitie deskriptívnych štatistických techník.
Na minha lista:
| Autor principal: | |
|---|---|
| Formato: | Capítulo de Livro |
| Idioma: | inglês |
| Assuntos: | |
| Tags: |
Sem tags, seja o primeiro a adicionar uma tag!
|
MARC
| LEADER | 00000naa a2200000 4500 | ||
|---|---|---|---|
| 001 | 0256887 | ||
| 005 | 20221129130549.5 | ||
| 041 | 0 | |a eng | |
| 044 | |a PT | ||
| 245 | 1 | 0 | |a Big Data Analytics and Electronic Resource Usage in Academic Libraries: A Case Study of a Private University in Kenya |c Samuel Kairigo Wakahia |
| 520 | |a Aplikácia analýzy Big dát ako nástroja pre hodnotenie využívania elektronických prostriedkov v prostredí akademickej knižnice v Keni. Použitie deskriptívnych štatistických techník. | ||
| 610 | 2 | 0 | |a dáta |
| 610 | 2 | 0 | |a Big Data |
| 610 | 2 | 0 | |a štúdie prípadové |
| 610 | 2 | 0 | |a zdroje informačné elektronické |
| 610 | 2 | 0 | |a knižnice |
| 610 | 2 | 0 | |a Keňa |
| 610 | 2 | 0 | |a digitalizácia |
| 100 | 1 | |a Wakahia, Samuel Kairigo | |